书目信息 |
| 题名: |
忽值山河改
|
|
| 作者: | 陈言 著 | |
| 分册: | ||
| 出版信息: | 北京 中央编译出版社 2016.01 |
|
| 页数: | 17,344页 | |
| 开本: | 24cm | |
| 丛书名: | 历史学研究生丛书 | |
| 单 册: | ||
| 中图分类: | K265.607 , G129 | |
| 科图分类: | ||
| 主题词: | 侵华--文化侵略--研究--日本--1931-1945 | |
| 电子资源: | ||
| ISBN: | 978-7-5117-2832-6 | |
| 000 | 01450oam2 2200301 450 | |
| 001 | 0120151747359 | |
| 005 | 20160512152727.23 | |
| 010 | @a978-7-5117-2832-6@dCNY65.00 | |
| 100 | @a20160121d2016 em y0chiy50 ea | |
| 101 | 0 | @achi |
| 102 | @aCN@b110000 | |
| 105 | @af z 001yy | |
| 106 | @ar | |
| 200 | 1 | @a忽值山河改@9hu zhi shan he gai@e战时下的文化触变与异质文化中间人的见证叙事@e1931-1945@f陈言著 |
| 210 | @a北京@c中央编译出版社@d2016.01 | |
| 215 | @a17,344页@c照片@d24cm | |
| 225 | 2 | @a历史学研究生丛书 |
| 300 | @a本书由人文在线出版基金资助出版 | |
| 330 | @a本书以1931至1945年间日本的侵华战争导致中日两国之间的文化强行接触为背景,围绕日本占领区内梅娘、柳龙光、袁犀等异文化中间人的行止与文本叙事模式,来揭示知识人在忠/奸、友/敌之间交叉穿梭而繁复多变的民族认同,质疑历来的将政治压制与抵抗模式对应并列的叙述模式;考察在没有预测到1945年是日本占领最后期限的环境中,中日双方知识人的活动所呈现出来的互动与纠结,来揭示战时两国文化的“交流”实态,着力辨析殖民现代性的复杂结构关系与特征,并借此寻找主体建构的可能性。 | |
| 333 | @a历史爱好者 | |
| 461 | 0 | @12001 @a历史学研究生丛书 |
| 517 | 1 | @a战时下的文化触变与异质文化中间人的见证叙事@9zhan shi xia de wen hua chu bian yu yi zhi wen hua zhong jian ren de jian zheng xu shi |
| 606 | 0 | @a侵华@x文化侵略@x研究@y日本@z1931-1945 |
| 690 | @aK265.607@v5 | |
| 690 | @aG129@v5 | |
| 701 | 0 | @a陈言@9chen yan@4著 |
| 801 | 0 | @aCN@b人天书店@c20160121 |
| 905 | @b875584-89@dK265.607@e111@f6 | |
| 忽值山河改:战时下的文化触变与异质文化中间人的见证叙事:1931-1945/陈言著.-北京:中央编译出版社,2016.01 |
| 17,344页:照片;24cm.-(历史学研究生丛书) |
| 本书由人文在线出版基金资助出版.-使用对象:历史爱好者 |
| ISBN 978-7-5117-2832-6:CNY65.00 |
| 本书以1931至1945年间日本的侵华战争导致中日两国之间的文化强行接触为背景,围绕日本占领区内梅娘、柳龙光、袁犀等异文化中间人的行止与文本叙事模式,来揭示知识人在忠/奸、友/敌之间交叉穿梭而繁复多变的民族认同,质疑历来的将政治压制与抵抗模式对应并列的叙述模式;考察在没有预测到1945年是日本占领最后期限的环境中,中日双方知识人的活动所呈现出来的互动与纠结,来揭示战时两国文化的“交流”实态,着力辨析殖民现代性的复杂结构关系与特征,并借此寻找主体建构的可能性。 |
| ● |
| 相关链接 |
|
|
|
|
正题名:忽值山河改
索取号:K265.607/111
 
预约/预借
| 序号 | 登录号 | 条形码 | 馆藏地/架位号 | 状态 | 备注 |
| 1 | 875584 | 208755845 | 第二样本阅览室/ [索取号:K265.607/111] | 在馆 | |
| 2 | 875585 | 208755854 | 教育系资料室/ [索取号:K265.607/111] | 在馆 | |
| 3 | 875586 | 208755863 | 教育系资料室/ [索取号:K265.607/111] | 在馆 | |
| 4 | 875587 | 208755872 | 教育系资料室/ [索取号:K265.607/111] | 在馆 | |
| 5 | 875588 | 208755881 | 第二借阅区/ [索取号:K265.607/111] | 在馆 | |
| 6 | 875589 | 208755890 | 第二借阅区/ [索取号:K265.607/111] | 在馆 |